Reprezentacje które wygrały Euro? - Statystyki

Ogólne statystyki
  • Ten quiz został rozwiązany 85 razy
  • Średni wynik to 16 z 17
Statystyki odpowiedzi
Rok Reprezentacja % Poprawnych
2024 Hiszpania
99%
2012 Hiszpania
99%
2008 Hiszpania
99%
1964 Hiszpania
99%
2016 Portugalia
99%
2020/2021 Włochy
99%
1968 Włochy
99%
2000 Francja
96%
1984 Francja
96%
1996 Niemcy
96%
1980 Niemcy
96%
1972 Niemcy
96%
2004 Grecja
95%
1960 ZSRR
82%
1988 Holandia
81%
1992 Dania
78%
1976 Czechosłowacja
73%
Nie znaleziono quizów pasujących do podanych kryteriów
Rozkład punktacji
Procent ludzi z każdym wynikiem
Percentyl według liczby udzielonych odpowiedzi
Twoja historia wyników
Nie rozwiązałeś tego quizu